Hosszú éjszaka [elbeszélés] /
Elmentve itt :
| Szerző: | |
|---|---|
| Dokumentumtípus: | Cikk |
| Megjelent: |
1968
|
| Sorozat: | Tiszatáj
22 No. 2 |
| Kulcsszavak: | Magyar irodalom - novella |
| Online Access: | http://tiszataj.bibl.u-szeged.hu/5079 |
| LEADER | 00580nab a2200181 i 4500 | ||
|---|---|---|---|
| 001 | tisza5079 | ||
| 005 | 20200330131043.0 | ||
| 008 | 170421s1968 hu o 0|| hun d | ||
| 022 | |a 0133-1167 | ||
| 040 | |a SZTE Tiszatáj Archívum |b hun | ||
| 041 | |a hun | ||
| 100 | 1 | |a Kendi Mária | |
| 245 | 1 | 0 | |a Hosszú éjszaka |h [elektronikus dokumentum] : |b [elbeszélés] / |c Kendi Mária |
| 260 | |c 1968 | ||
| 300 | |a 118-123 | ||
| 490 | 0 | |a Tiszatáj |v 22 No. 2 | |
| 695 | |a Magyar irodalom - novella | ||
| 856 | 4 | 0 | |u http://tiszataj.bibl.u-szeged.hu/5079/1/tiszataj_1968_002_0118-0123.pdf |z Dokumentum-elérés |